000 00556 a2200193 4500
001 62019
005 20260407155914.0
008 260407a1967 arg spa d
003 AR-UNSa-BCEJYS
040 _aAR-UNSa-BCEJYS
_bspa
_cAR-UNSa-BCEJYS
080 _a349.22:331.106
_xContrato de trabajo
245 1 0 _aContrato de trabajo bancario y de seguros
264 1 _aBuenos Aires :
_bEDIAR
_c1967
300 _a2 v. (386 ; 342 p.)
_c23 cm.
041 _aspa
942 _cBK
590 _aniveau_biblio:m niveau_hierar:0
100 1 _aBanchs, Ireneo Ernesto
999 _c7550
_d7550